| 000 | 01929nam2a22002651 4500 | ||
|---|---|---|---|
| 001 | RU\NLR\INFOCOMM10\1000324074 | ||
| 005 | 20250617013850.0 | ||
| 035 | _a(NLR Aleph) 002350752 | ||
| 090 |
_a4511701 _c4511701 |
||
| 100 | _a20041111d1970 |||y0rusy50 ca | ||
| 101 | 0 | _arus | |
| 102 | _aRU | ||
| 105 | _ay ||||||||| | ||
| 200 | 0 | _aВып.26 | |
| 210 |
_d1970 _aБ. м. |
||
| 225 | 1 |
_a... _vВып.26 _i... _v1969 |
|
| 461 | 0 |
_1001RU\NLR\INFOCOMM18\1000032859 _12001#$aИнформационные материалы$fАкад. наук СССР. Объедин. науч. совет "Физиология человека и животных"$vВып.26 _94029362 _aАкадемия наук СССР. Объединенный научный совет по комплексной проблеме "Физиология человека и животных" _cЛ. _d1965- _fАкад. наук СССР. Объедин. науч. совет "Физиология человека и животных" _tИнформационные материалы _vВып.26 |
|
| 462 | 0 |
_1001RU\NLR\INFOCOMM10\1000324072 _12001#$aОтчет о деятельности секции по адаптации человека$fАН СССР. Объедин. науч. совет "Физиология человека и животных"$v1969 _94511696 _aСоветский национальный комитет по Международной биологической программе (Москва) _cЛ. _d1969-1971 _fАН СССР. Объедин. науч. совет "Физиология человека и животных" _tИнформационные материалы. - Отчет о деятельности секции по адаптации человека _v1969 |
|
| 801 | 1 |
_aRU _bInfoComm _c20041111 |
|
| 801 | 0 |
_aRU _bNLR _gPSBO |
|
| 852 |
_aNLR _jП7/1071 |
||
| 942 | _cISSUE | ||
| 980 | _aNB | ||
| 980 | _aRUSPER | ||